近鉄乗降人員TOP70(2023) - Statistics

General Stats
  • This quiz has been taken 1,075 times
  • The average score is 40 of 70
Answer Stats
Answer % Correct
近鉄名古屋 89232人
98%
大阪難波 108368人
97%
近鉄奈良 49225人
97%
鶴橋 135330人
95%
大和西大寺 42850人
94%
近鉄四日市 38628人
94%
大阪上本町 63121人
93%
大阪阿部野橋 140475人
90%
22814人
90%
生駒 42661人
89%
大和八木 32591人
87%
近鉄京都 69950人
86%
布施 34546人
86%
橿原神宮前 16713人
84%
桑名 18450人
82%
近鉄日本橋 40775人
78%
学園前 44017人
75%
近鉄丹波橋 39963人
73%
名張 9069人
73%
竹田 10383人
70%
新大宮 25098人
69%
松阪 10512人
69%
近鉄八尾 33559人
65%
五位堂 23329人
64%
古市 18368人
64%
東花園 17520人
64%
大和高田 13796人
64%
高の原 30014人
63%
桜井 13879人
63%
河内長野 10807人
62%
新田辺 21497人
61%
白子 11608人
60%
藤井寺 33114人
58%
近鉄弥富 10475人
57%
今里 10007人
57%
東生駒 15381人
52%
河内国分 14336人
52%
学研奈良登美ヶ丘 13330人
52%
河内永和 12540人
52%
近鉄蟹江 10291人
52%
河内松原 27550人
50%
津新町 10542人
50%
高安 9753人
50%
河内小阪 22164人
48%
河内山本 17033人
48%
新祝園 13276人
48%
田原本 11211人
48%
大久保 22693人
47%
近鉄郡山 16258人
47%
富田林 11142人
47%
長瀬 27088人
46%
瓢箪山 18398人
46%
菖蒲池 10997人
45%
河内花園 10328人
44%
桃山御陵前 13499人
42%
富雄 24863人
41%
新石切 17109人
41%
八戸ノ里 25064人
39%
近鉄富田 13091人
38%
河内天美 15151人
35%
若江岩田 14093人
35%
弥刀 8903人
31%
荒本 14360人
28%
吉田 15015人
23%
小倉 13505人
20%
向島 13470人
19%
喜志 15049人
17%
二上 8845人
15%
興戸 9425人
13%
恵我ノ荘 9093人
10%
No matching quizzes found
Score Distribution
Percent of People with Each Score
Percentile by Number Answered
Your Score History
You have not taken this quiz